Dous embaixadores (Record no. 175714)

MARC details
000 -LEADER
campo de control de longitud fija 01145nam a22002895i 4500
001 - NÚMERO DE CONTROL
campo de control 175714
003 - IDENTIFICADOR DE NÚMERO DE CONTROL
campo de control ES-MaACL
005 - FECHA Y HORA DE LA ÚLTIMA TRANSACCIÓN
campo de control 20251114105615.0
008 - DATOS DE LONGITUD FIJA--INFORMACIÓN GENERAL
campo de control de longitud fija 101118s2005 sp |||| | glg d
020 ## - NÚMERO INTERNACIONAL ESTÁNDAR DEL LIBRO
Número Internacional Estándar del Libro 84-8289-342-4
080 ## - NÚMERO DE LA CLASIFICACIÓN DECIMAL UNIVERSAL
Número de la Clasificación Decimal Universal 327(460:410)"16"
080 ## - NÚMERO DE LA CLASIFICACIÓN DECIMAL UNIVERSAL
Número de la Clasificación Decimal Universal 327(410:460)"16"
080 ## - NÚMERO DE LA CLASIFICACIÓN DECIMAL UNIVERSAL
Número de la Clasificación Decimal Universal 929 Gondomar, Diego Sarmiento de Acuña, Conde de
080 ## - NÚMERO DE LA CLASIFICACIÓN DECIMAL UNIVERSAL
Número de la Clasificación Decimal Universal 929 Bristol, John Digby, Earl of
100 0# - ENTRADA PRINCIPAL--NOMBRE DE PERSONA
Nombre de persona Tobío Campos, Lois.
9 (RLIN) 110379
245 10 - MENCIÓN DEL TÍTULO
Título Dous embaixadores
Resto del título : Digby e Gondomar /
Mención de responsabilidad, etc. Lois Tobío ; [tradución, María Xosé González Chamorro].
260 ## - PUBLICACIÓN, DISTRIBUCIÓN, ETC.
Lugar de publicación, distribución, etc. Gondomar [Pontevedra] :
Nombre del editor, distribuidor, etc. Instituto de Estudos Miñoranos,
Fecha de publicación, distribución, etc. D. L. 2005.
300 ## - DESCRIPCIÓN FÍSICA
Extensión 87 p. ;
Dimensiones 24 cm.
600 17 - PUNTO DE ACCESO ADICIONAL DE MATERIA--NOMBRE DE PERSONA
Nombre de persona Gondomar, Diego Sarmiento de Acuña,
Títulos y otros términos asociados al nombre Conde de,
Fechas asociadas al nombre 1567-1626
Fuente del encabezamiento o término
9 (RLIN) 127381
600 14 - PUNTO DE ACCESO ADICIONAL DE MATERIA--NOMBRE DE PERSONA
Nombre de persona Bristol, John Digby
Títulos y otros términos asociados al nombre Earl of (
Fechas asociadas al nombre 1580-1654)
9 (RLIN) 143991
651 #4 - PUNTO DE ACCESO ADICIONAL DE MATERIA--NOMBRE GEOGRÁFICO
Nombre geográfico España-
Subdivisión general Relaciones-
Subdivisión geográfica Gran Bretaña.
9 (RLIN) 143992
651 #4 - PUNTO DE ACCESO ADICIONAL DE MATERIA--NOMBRE GEOGRÁFICO
Nombre geográfico Gran Bretaña-
Subdivisión general Relaciones-
Subdivisión geográfica España.
9 (RLIN) 143993
700 1# - ENTRADA AGREGADA--NOMBRE PERSONAL
Nombre de persona González Chamorro, María Xosé.
9 (RLIN) 143990
710 2# - ENTRADA AGREGADA--NOMBRE DE ENTIDAD CORPORATIVA
Nombre de entidad corporativa o nombre de jurisdicción como elemento de entrada Instituto de Estudos Miñoranos.
9 (RLIN) 147854
852 ## - LOCALIZACIÓN
Ubicación ES-MaACL
Número de control de estantería E-13565
Holdings
Estatus retirado Estado de pérdida Estado de daño No para préstamo Biblioteca de origen Biblioteca actual Ubicación en estantería Fecha de adquisición Fuente de adquisición Total de préstamos Signatura topográfica completa Código de barras Visto por última vez Precio de reemplazo Tipo de ítem Koha
        Biblioteca del Ateneo de Madrid Biblioteca del Ateneo de Madrid Depósito 2 18/11/2010     E-13565 1184517 23/02/2023 23/02/2023 Libro impreso